Cities of Wisconsin - Sudden Death - Statistics

General Stats
  • This quiz has been taken 57 times
  • The average score is 11 of 28
Answers on the Grid
Answers color-coded by a green-red scale on the quiz's grid according to % correct below.
Appleton
Bakersfield
Baraboo
Beloit
Buffalo City
Cedarburg
Cleveland
De Pere
Des Moines
Eau Claire
Fond du Lac
Green Bay
Janesville
Kalamazoo
Kenosha
La Crosse
Lansing
Madison
Manchester
Marshfield
Menomonie
Milwaukee
Minneapolis
Muskegon
Neenah
New Berlin
New Richmond
Oak Creek
Onalaska
Oshkosh
Platteville
Racine
Rhinelander
Saint Croix
Sheboygan
Warren
Waukesha
Wauwatosa
West Allis
Winona
 
Answer Stats
Answer % Correct
Appleton
80%
Eau Claire
60%
Kenosha
60%
Madison
60%
Fond du Lac
57%
Green Bay
57%
La Crosse
57%
Milwaukee
57%
Janesville
53%
Waukesha
50%
Beloit
47%
Racine
43%
Oshkosh
40%
Rhinelander
40%
De Pere
37%
Menomonie
37%
Baraboo
33%
Cedarburg
30%
Marshfield
30%
Neenah
30%
Sheboygan
30%
Wauwatosa
30%
Oak Creek
27%
Platteville
27%
West Allis
20%
New Berlin
17%
Onalaska
17%
New Richmond
7%
No matching quizzes found
Score Distribution
Percent of People with Each Score
Percentile by Number Answered
Your Score History
You have not taken this quiz